| 000 | nam a22 a 4500 | ||
|---|---|---|---|
| 999 |
_c188140 _d188140 |
||
| 003 | BLK | ||
| 005 | 20220930115140.0 | ||
| 008 | 180411b bul|||||r ||||||| ||bul|| | ||
| 010 | _aKNG00197158000 | ||
| 040 | _aBLK | ||
| 041 |
_aBUL _cBUL |
||
| 080 |
_aОраторско изкуство. Красноречие. Дебати. Публични дискусии. Психология на слушателя _b808.51 _z808.51 |
||
| 139 |
_aТолмачов, Анатолий Василиевич _bТ 66 |
||
| 245 | 1 | 0 |
_aЗа ораторското изкуство _bСборник _cавт.-състав. Анатолий Василиевич Толмачов; прев. от рус. Ирина Гочева. |
| 250 | _a3. изд. | ||
| 257 | _aSUN | ||
| 260 |
_aСофия _bПартиздат _c1975 |
||
| 300 |
_a464 с. _c21 см |
||
| 380 | _a82 | ||
| 500 | _aОриг. загл. Об ораторском искусстве. - 1. изд. 1960. - 15 110 тир. - Именен показалец на митол. и лит. герои. | ||
| 650 | 4 |
_aОраторско изкуство _9241886 |
|
| 653 | _aораторско изкуство | ||
| 700 | 1 |
_aТолмачов, Анатолий Василиевич _eавт.-състав. _9129918 |
|
| 700 | 1 |
_aГочева, Ирина _eпрев. от рус. _9344511 |
|
| 852 |
_aЦб 76924 _bЦб |
||
| 856 | 4 | _qpdf | |
| 856 | 4 | _qpdf | |
| 942 |
_cKNG _n0 _s1 |
||
| 944 |
_aCR _c01.12.2016 _lф / _kПравда_Бадева |
||
| 944 |
_aED _c2022-09-30 _kир |
||
| 999 | _d188140 | ||